| 000 | | | 04272nmc2a2200000 x 450 |
| 001 | | | 75b9a74c-28e7-4fc6-8a41-9ca40656f2cf |
| 005 | | | 20151228092447.0 |
| 100 | ## | $a | 20150428l18521852k l0rusy0189 ca |
| 101 | 0# | $a | rus |
| 102 | ## | $a | RU |
| 200 | 1# | $a | Распоряжение по Министерству народного просвещения по разным вопросам, в том числе о порядке наблюдения за преподаванием в университетах логики и психологии, порядка назначения пенсий священникам, находящимся на службе в учебных заведениях в качестве законоучителей, о правилах приема в учебное заведение детей военных чинов и уроженцев Финляндии и по другим вопросам |
| | $j | 11 января - 25 декабря 1852 г. |
| 251 | ## | $c | Дело |
| 300 | ## | $a | Дело |
| 300 | ## | $a | Ориг. заголовок дела: Дело о разных постановлениях, подлежащих к руководству. Тут же бумаги, принятые к сведению. 11 января 1852 г. - 25 декабря 1852 г |
| 801 | #0 | $a | RU |
| | $b | РГИА |
| | $c | 20150428 |
| | $g | RCR |
| 801 | #1 | $a | RU |
| | $b | ГлавНИВЦ |
| | $c | 20150428 |
| | $2 | rusmarc |
| 801 | #2 | $a | RU |
| | $b | ПБ им. Б.Н. Ельцина |
| | $c | 20151228 |
| | $g | RCR |
| | $2 | rusmarc |
| 850 | ## | $a | РГИА |
| 852 | ## | $a | РГИА |
| | $e | Федеральное казенное учреждение "Российский государственный исторический архив" (РГИА) |
| | $j | 166 |
| 937 | ## | $h | РГИА |
| | $d | 11575268 |
| | $a | ASBIBLIO_SCAN |
| 462 | #0 | $1 | 001f1784e12-4cc9-4f71-b18b-e3dfd01e921e |
| | $1 | 2001 |
| | $a | Общие дела 2-го отделения Департамента народного просвещения за 1840-1863 гг. |
| | $1 | 251 |
| | $c | Опись |
| | $1 | 852 |
| | $j | 90 |
| 461 | #0 | $1 | 001a74412a3-3cc5-4d21-8f0a-dfe2fbd9e72d |
| | $1 | 2001 |
| | $a | Департамент народного просвещения Министерства народного просвещения |
| | $1 | 251 |
| | $c | Фонд |
| | $1 | 852 |
| | $j | 733 |
| 215 | ## | $a | 34 л. |
| | $d | 36,5х26 см |
| 371 | ## | $a | Документ не является опубликованным и широко распространяемым |
| 105 | ## | $a | y### |
| 122 | 2# | $a | d |
| 517 | 1# | $a | Дело о разных постановлениях, подлежащих к руководству. Тут же бумаги, принятые к сведению. 11 января 1852 г. - 25 декабря 1852 г |
| 035 | ## | $a | 75b9a74c-28e7-4fc6-8a41-9ca40656f2cf |